LDR 00872naa#a2200169#i#450# 001 RU\\bibl\118974 005 20260606102922.6 011 ## _a2712-9233 100 ## _a20260331b2026####ek#y0rusy0150####ca 102 ## _aRU 200 1# _aМетодика установления причины возникновения пожара в современных автомобилях китайского производства _eЖурнальная статья 210 1# _aЖелезногорск _cФГБОУ ВО Сибирская пожарно-спасательная академия ГПС МЧС России _d2026 215 ## _a7 с. 608 ## _aЖурнальная статья _2local 675 ## _aПричины пожаров. Опасность пожаров. 614.841.2 _z 700 #1 _aЛевшенко _gАлексей Евгеньевич 856 4# _aapbt-sibpsa.editorum.ru _u